Beshe-kevar ha-yamim : (Record no. 33306)

MARC details
000 -LEADER
fixed length control field 00545cam a22001931 4500
001 - CONTROL NUMBER
control field he 68001441
003 - CONTROL NUMBER IDENTIFIER
control field DLC
005 - DATE AND TIME OF LATEST TRANSACTION
control field 20260227111458.0
008 - FIXED-LENGTH DATA ELEMENTS--GENERAL INFORMATION
fixed length control field 831110s1968 is a 000 1 heb
010 ## - LIBRARY OF CONGRESS CONTROL NUMBER
LC control number he 68001441
035 ## - SYSTEM CONTROL NUMBER
System control number (OCoLC)19139019
040 ## - CATALOGING SOURCE
Original cataloging agency DLC
Transcribing agency MH
Modifying agency CU
-- DLC
050 00 - LIBRARY OF CONGRESS CALL NUMBER
Classification number PJ5053.C48
Item number B4
100 1# - MAIN ENTRY--PERSONAL NAME
Personal name Churgin, Yaʻakov Yehoshua,
Dates associated with a name 1898-1990.
245 10 - TITLE STATEMENT
Title Beshe-kevar ha-yamim :
Remainder of title sipurim hisṭoriyim.
260 ## - PUBLICATION, DISTRIBUTION, ETC.
Place of publication, distribution, etc. [Tel Aviv] :
Name of publisher, distributor, etc. ʻAmiḥai,
Date of publication, distribution, etc. [1968]
300 ## - PHYSICAL DESCRIPTION
Extent 137 p. :
Other physical details ill. ;
Dimensions 22 cm.
752 ## - ADDED ENTRY--HIERARCHICAL PLACE NAME
Country or larger entity Israel
City Tel Aviv

No items available.

Powered by Koha